00583cam a22001938i 4500020003100000020002800031040000800059082002600067100002400093245010100117250002400218300001300242500002000255650002400275650002300299700002500322700002000347700002200367 a9780077537074 (alk. paper) a0077537076 (alk. paper) cDLC00a658 MCG 2014 A114 Or.1 aThompson, Arthur A.10aCrafting and executing strategy :bthe quest for competitive advantage : concepts and readings / aNINETEENTH EDITION. apages cm aIncludes index. 0aStrategic planning. 0aBusiness planning.1 aPeteraf, Margaret A.1 aGamble, John E.1 aStrickland, A. J.